Lê Lợi, Nguyễn Trãi và đất Lam Sơn

Nội dung sách giới thiệu về con người, sự nghiệp của Lê Lợi, Nguyễn Trãi. Giới thiệu vùng đất, con người và di tích, danh thắng đất Lam Sơn.

Gespeichert in:
Bibliographische Detailangaben
1. Verfasser: Vũ, Ngọc Khánh
Format: Buch
Sprache:Undetermined
Veröffentlicht: Hà Nội Văn hóa Dân tộc 2018
Schlagworte:
Tags: Tag hinzufügen
Keine Tags, Fügen Sie den ersten Tag hinzu!
Thư viện lưu trữ: Trung tâm Học liệu Trường Đại học Cần Thơ
LEADER 00869nam a2200229Ia 4500
001 CTU_230347
008 210402s9999 xx 000 0 und d
020 |c 125000 
082 |a 959.7026 
082 |b Kh107 
100 |a Vũ, Ngọc Khánh 
245 0 |a Lê Lợi, Nguyễn Trãi và đất Lam Sơn 
245 0 |c Vũ Ngọc Khánh 
260 |a Hà Nội 
260 |b Văn hóa Dân tộc 
260 |c 2018 
520 |a Nội dung sách giới thiệu về con người, sự nghiệp của Lê Lợi, Nguyễn Trãi. Giới thiệu vùng đất, con người và di tích, danh thắng đất Lam Sơn. 
650 |a Việt Nam,Vietnam 
650 |x Lịch sử,History 
650 |y 1427 - 1527,1427 - 1527 
910 |b dqhieu 
980 |a Trung tâm Học liệu Trường Đại học Cần Thơ